[Event "FIDE Women's World Teams"]
[Site "Astana KAZ"]
[Date "2013.03.09"]
[Round "6.1"]
[White "Lahno,Kateri"]
[Black "Maisuradze,N"]
[Result "1-0"]
[WhiteElo "2547"]
[BlackElo "2330"]
[EventDate "2013.03.03"]

1. e4 c5 2. Nc3 Nc6 3. Bb5 Nd4 4. Nf3 Nxb5 5. Nxb5 e6 6. d4 a6 7. Nc3 cxd4 8.
Qxd4 d6 9. Bg5 Nf6 10. O-O-O Be7 11. e5 dxe5 12. Qxe5 Bd7 13. Qg3 Qa5 14. Ne5
Bc6 15. Rhe1 O-O 16. Bh6 Ne8 17. Nxc6 bxc6 18. Rd7 Bf6 19. Bd2 Rd8 20. Rxd8 Bxd8
21. a3 Be7 22. Ne4 Qd5 23. Bc3 f6 24. f3 e5 25. Rd1 Qe6 26. Kb1 Nc7 27. Qf2 Nd5
28. Ba5 f5 29. Nc3 Bd8 30. Qc5 Bxa5 31. Nxd5 cxd5 32. Qxa5 d4 33. f4 exf4 34.
Rxd4 Re8 35. Rxf4 Qe1+ 36. Qxe1 Rxe1+ 37. Ka2 Re2 38. Rxf5 Rxg2 39. c4 Rxh2 40.
c5 h5 41. Kb3 Rh1 42. Kb4 Rb1 43. c6 Rxb2+ 44. Ka5 Rc2 45. Kb6 Rb2+ 46. Kxa6 Ra2
47. c7 Rxa3+ 48. Kb6 Ra8 49. Rd5 1-0

[Event "FIDE Women's World Teams"]
[Site "Astana KAZ"]
[Date "2013.03.09"]
[Round "6.3"]
[White "Muzychuk,M"]
[Black "Collas,S"]
[Result "1-0"]
[WhiteElo "2479"]
[BlackElo "2282"]
[EventDate "2013.03.03"]

1. e4 c5 2. d3 Nc6 3. g3 g6 4. Bg2 Bg7 5. f4 d6 6. Nf3 Nh6 7. O-O O-O 8. Nc3 f5
9. h3 Kh8 10. Be3 Be6 11. Kh2 Qd7 12. Qd2 Bg8 13. d4 fxe4 14. Nxe4 cxd4 15. Nxd4
Nf5 16. Nxf5 gxf5 17. Nc3 Rad8 18. Rad1 Bc4 19. Rfe1 Rg8 20. Nd5 e5 21. fxe5
dxe5 22. Bg5 e4 23. Bxd8 Nxd8 24. Ne3 Qe6 25. Nxc4 Qxc4 26. Qxd8 Be5 27. Qe7
Bxg3+ 28. Kh1 1-0

[Event "FIDE Women's World Teams"]
[Site "Astana KAZ"]
[Date "2013.03.09"]
[Round "6.4"]
[White "Benmesbah,N"]
[Black "Zhukova,N"]
[Result "0-1"]
[WhiteElo "2266"]
[BlackElo "2471"]
[EventDate "2013.03.03"]

1. e4 e5 2. Nf3 Nc6 3. Bc4 Nf6 4. d3 h6 5. c3 d6 6. Bb3 g6 7. O-O Bg7 8. Nbd2
O-O 9. h3 Na5 10. Bc2 c5 11. a4 Nc6 12. Nc4 Be6 13. Qe2 Nh5 14. Rd1 Re8 15. Be3
b6 16. d4 exd4 17. cxd4 cxd4 18. Nxd4 Nxd4 19. Bxd4 Nf4 20. Qf3 Qg5 21. Bxg7
Bxc4 22. Bc3 Be2 23. Qg3 Bxd1 24. Bxd1 Qxg3 25. fxg3 Nd3 26. Bb3 Nc5 27. Bd5
Rac8 28. a5 Nxe4 29. axb6 Nxc3 30. bxc3 axb6 31. Ra7 Rf8 32. c4 Rc5 33. Rd7 b5
34. Rxd6 bxc4 35. Rxg6+ Kh8 36. Rxh6+ Kg7 37. Rd6 c3 38. Be4 Re8 39. Bc2 Re2 40.
Bd1 Rb2 0-1

[Event "FIDE Women's World Teams"]
[Site "Astana KAZ"]
[Date "2013.03.09"]
[Round "6.1"]
[White "Foisor,C"]
[Black "Ju Wenjun"]
[Result "0-1"]
[WhiteElo "2401"]
[BlackElo "2505"]
[EventDate "2013.03.03"]

1. c4 Nf6 2. g3 g6 3. Nc3 Bg7 4. Bg2 O-O 5. d3 d6 6. e4 c5 7. Nge2 Nc6 8. a3 Rb8
9. Rb1 b6 10. b4 Bb7 11. O-O e6 12. h3 Qe7 13. f4 Nd7 14. Kh2 a6 15. bxc5 bxc5
16. Bb2 Nd4 17. Nxd4 cxd4 18. Ne2 e5 19. f5 Bc6 20. Qd2 Rb7 21. Rbe1 Rfb8 22.
Bc1 Nc5 23. Ng1 Rb3 24. fxg6 hxg6 25. Rf3 f5 26. h4 Rc3 27. Nh3 Nb3 28. Qg5 Qxg5
29. Bxg5 Nc5 30. exf5 Bxf3 31. Bxf3 Rb2+ 32. Kg1 e4 33. Bxe4 Nxe4 34. Rxe4 Rxd3
35. Nf2 Rxg3+ 36. Kf1 gxf5 37. Rf4 d3 38. Nd1 Rb1 39. Kf2 Rxd1 0-1

[Event "FIDE Women's World Teams"]
[Site "Astana KAZ"]
[Date "2013.03.09"]
[Round "6.2"]
[White "Tan Zhongyi"]
[Black "Cosma,E"]
[Result "1/2-1/2"]
[WhiteElo "2471"]
[BlackElo "2336"]
[EventDate "2013.03.03"]

1. d4 d5 2. c4 e6 3. Nf3 Nf6 4. Bg5 Be7 5. Nc3 h6 6. Bh4 O-O 7. e3 Ne4 8. Bxe7
Qxe7 9. Rc1 c6 10. h4 Nxc3 11. Rxc3 Nd7 12. g4 c5 13. g5 h5 14. cxd5 exd5 15.
dxc5 Nxc5 16. Qxd5 Bg4 17. Qxc5 Qe4 18. Bg2 Bxf3 19. Rc4 Qb1+ 20. Rc1 Qe4 21.
Rc4 Qb1+ 22. Rc1 Qe4 23. Bxf3 Qxf3 24. Rg1 g6 25. Qc4 Rfe8 26. Qe2 Qe4 27. Qc4
Qf3 28. Qe2 Qe4 29. Qc4 Qf3 1/2-1/2

[Event "FIDE Women's World Teams"]
[Site "Astana KAZ"]
[Date "2013.03.09"]
[Round "6.3"]
[White "L'Ami,Alina"]
[Black "Guo Qi"]
[Result "0-1"]
[WhiteElo "2353"]
[BlackElo "2435"]
[EventDate "2013.03.03"]

1. d4 d5 2. c4 e6 3. Nf3 Nf6 4. Nc3 Bb4 5. Qb3 c5 6. dxc5 Nc6 7. Bg5 dxc4 8.
Qxc4 Qa5 9. Bxf6 gxf6 10. Rc1 Qxc5 11. Qf4 Ke7 12. e3 Rd8 13. Be2 Bxc3+ 14. Rxc3
Qb4 15. Qxb4+ Nxb4 16. Bc4 Bd7 17. a3 Nc6 18. Ke2 Ne5 19. Nxe5 fxe5 20. Bd3 Bc6
21. f3 f5 22. Rd1 Kf6 23. b4 a6 24. Rc5 h5 25. Bc4 Rxd1 26. Kxd1 Rg8 27. Bf1 h4
28. Ke1 h3 29. Kf2 hxg2 30. Bxg2 Rd8 31. Bf1 Rd2+ 32. Kg3 f4+ 33. exf4 exf4+ 34.
Kxf4 Rf2 35. Bxa6 Rxf3+ 36. Kg4 Rxa3 37. Be2 e5 38. Bb5 Bf3+ 39. Kh4 Rb3 40. Rc8
Rxb4+ 41. Kg3 Bd5 42. Be2 Rb2 43. Kf2 Be6 44. Rf8+ Ke7 45. Rb8 Bc4 46. Rxb7+
Rxb7 47. Bxc4 Kd6 48. Be2 e4 49. h4 Ke5 50. h5 Kf4 51. Bc4 Rb2+ 52. Kg1 Kg3 53.
Kf1 Kf3 54. Kg1 Rg2+ 55. Kh1 Rg4 56. Bb3 Kf2 0-1

[Event "FIDE Women's World Teams"]
[Site "Astana KAZ"]
[Date "2013.03.09"]
[Round "6.3"]
[White "Saduakassova,D"]
[Black "Cemhan,K"]
[Result "1-0"]
[WhiteElo "2353"]
[BlackElo "2025"]
[EventDate "2013.03.03"]

1. d4 d5 2. c4 dxc4 3. Nf3 Nf6 4. e3 e6 5. Bxc4 a6 6. O-O Nbd7 7. a4 b6 8. Nc3
Bb7 9. Qe2 c5 10. Ne5 Bd6 11. Nxd7 Qxd7 12. dxc5 Bxc5 13. e4 O-O 14. Kh1 Qc6 15.
f3 h6 16. e5 Nd7 17. Ba2 Rfd8 18. Bf4 Nf8 19. Bb1 Rac8 20. Ne4 Be7 21. Bd3 Ng6
22. Bg3 Rd5 23. Nd6 Bxd6 24. exd6 Rg5 25. Rfd1 Nf8 26. b4 b5 27. axb5 axb5 28.
Be4 Qd7 29. Ra7 Rb8 30. Qd2 Rd5 31. Bxd5 exd5 32. Rc1 Qf5 33. d7 1-0

[Event "FIDE Women's World Teams"]
[Site "Astana KAZ"]
[Date "2013.03.09"]
[Round "6.4"]
[White "Kaya,E"]
[Black "Davletbayeva,M"]
[Result "1/2-1/2"]
[WhiteElo "1995"]
[BlackElo "2272"]
[EventDate "2013.03.03"]

1. e4 e5 2. Nf3 Nc6 3. Bb5 a6 4. Ba4 Nf6 5. O-O Nxe4 6. d4 b5 7. Bb3 d5 8. dxe5
Be6 9. Qe2 Be7 10. Rd1 O-O 11. c4 bxc4 12. Bxc4 Qd7 13. Nc3 Nxc3 14. bxc3 f6 15.
exf6 Bxf6 16. Bg5 Kh8 17. Bxf6 Rxf6 18. Ng5 Re8 19. Bxa6 Bg4 20. Qd3 Rf5 21. f3
Rxg5 22. fxg4 Qxg4 23. Qg3 Qh5 24. Qxc7 Ne5 25. Rf1 Qg6 26. Rf2 Qxa6 27. Qe7
Rxg2+ 28. Kxg2 Qg6+ 29. Kf1 Qd3+ 30. Kg1 Qg6+ 31. Kf1 Qd3+ 32. Kg1 Qg6+ 1/2-1/2

[Event "FIDE Women's World Teams"]
[Site "Astana KAZ"]
[Date "2013.03.10"]
[Round "7.2"]
[White "Padmini,R"]
[Black "Cemhan,K"]
[Result "1/2-1/2"]
[WhiteElo "2316"]
[BlackElo "2025"]
[EventDate "2013.03.03"]

1. e4 e5 2. Nf3 Nc6 3. Bb5 a6 4. Ba4 Nge7 5. Bb3 d5 6. Nc3 Be6 7. O-O dxe4 8.
Nxe4 Bxb3 9. axb3 Ng6 10. d3 Be7 11. Nfg5 h6 12. Nh3 Qd7 13. f4 exf4 14. Nxf4
Nxf4 15. Rxf4 O-O-O 16. Be3 f5 17. Nc5 Qd5 18. Rc4 Ne5 19. Rd4 Bxc5 20. Rxd5
Bxe3+ 21. Kh1 Rxd5 22. g3 Re8 23. Qf1 Ng4 24. h3 Nf6 25. c3 g6 26. b4 Rde5 27.
d4 R5e6 28. b5 Nh5 29. Qf3 Bd2 30. bxa6 Re1+ 31. Rxe1 Rxe1+ 32. Kg2 bxa6 33. Qf2
Re3 34. Qxd2 Rxg3+ 35. Kh2 f4 36. Qe2 f3 37. Qxa6+ Kb8 38. Qb5+ Ka7 39. Qa5+ Kb7
40. Qb4+ Ka7 41. Qa3+ Kb7 42. Kh1 f2 43. Qb4+ Ka7 44. Qa5+ Kb7 45. Qb5+ Ka7 46.
Qa5+ Kb7 47. Qb5+ Ka7 1/2-1/2

[Event "FIDE Women's World Teams"]
[Site "Astana KAZ"]
[Date "2013.03.10"]
[Round "7.4"]
[White "Soumya,Sw"]
[Black "Kaya,E"]
[Result "1-0"]
[WhiteElo "2283"]
[BlackElo "1995"]
[EventDate "2013.03.03"]

1. e4 e5 2. Nf3 Nc6 3. Bb5 a6 4. Ba4 Nge7 5. Bb3 d5 6. exd5 Nxd5 7. O-O Be6 8.
Re1 Bc5 9. d3 Qf6 10. Nbd2 Nd4 11. Bxd5 Bxd5 12. Rxe5+ Qxe5 13. Nxe5 O-O-O 14.
c3 Nf5 15. d4 Bd6 16. Ndc4 Rhe8 17. Nxd6+ cxd6 18. Ng4 Re4 19. Ne3 Rde8 20. Bd2
Nxe3 21. Bxe3 f5 22. c4 1-0

[Event "FIDE Women's World Teams"]
[Site "Astana KAZ"]
[Date "2013.03.10"]
[Round "7.1"]
[White "Ju Wenjun"]
[Black "Nakhbayeva,G"]
[Result "1/2-1/2"]
[WhiteElo "2505"]
[BlackElo "2344"]
[EventDate "2013.03.03"]

1. c4 e5 2. Nc3 Nf6 3. Nf3 Nc6 4. d3 d5 5. cxd5 Nxd5 6. e4 Nf6 7. Be2 Be7 8. h3
O-O 9. O-O h6 10. Be3 b6 11. a3 Bb7 12. b4 a6 13. Qb1 b5 14. Rd1 Bd6 15. Qb3 Qe7
16. Rac1 Rab8 17. Rc2 Nd8 18. Nh4 Ne6 19. Nf5 Qd7 20. Bf3 Rfd8 21. Qb2 Re8 22.
Rcd2 Bf8 23. d4 exd4 24. Nxd4 Nxd4 25. Bxd4 Qe6 26. Nd5 Nxe4 27. Nxc7 Qg6 28.
Nxe8 Nxd2 29. Bxb7 Nc4 30. Qe2 Rxb7 31. Bc5 Rb8 32. Bxf8 Kxf8 33. Re1 Qc6 34.
Qe7+ Kg8 35. Qc7 Rc8 36. Qe7 Rb8 37. Qc7 Rc8 38. Qe7 Rb8 39. Re4 Rc8 40. Re1 Ra8
41. Nc7 Rc8 1/2-1/2

[Event "FIDE Women's World Teams"]
[Site "Astana KAZ"]
[Date "2013.03.10"]
[Round "7.2"]
[White "Dauletova,G"]
[Black "Huang Qian"]
[Result "1/2-1/2"]
[WhiteElo "2265"]
[BlackElo "2476"]
[EventDate "2013.03.03"]

1. e4 d5 2. exd5 Qxd5 3. Nc3 Qa5 4. d4 c6 5. Nf3 Nf6 6. Bc4 Bf5 7. Bd2 e6 8. Nd5
Qd8 9. Nxf6+ Qxf6 10. c3 Nd7 11. O-O Bd6 12. Bg5 Qg6 13. Bh4 O-O 14. Bg3 Bxg3
15. hxg3 Qf6 16. Re1 Rfd8 17. Qb3 Rab8 18. Qa3 a6 19. Ne5 Nxe5 20. Rxe5 Rd7 21.
Rae1 Qd8 22. Qb4 h6 23. Bb3 Qf8 24. Qb6 Qd8 25. Qb4 Qf8 26. Qb6 Qd8 27. Qc5 Qf8
28. Qc4 Rd5 29. Qe2 Rxe5 30. Qxe5 Rc8 31. Qf4 Bg6 32. Qg4 Kh7 33. Rd1 Rd8 34.
Qf3 Qe7 35. Qe3 Qg5 36. Qf4 Qxf4 37. gxf4 Kg8 38. f3 Kf8 39. Kf2 Ke7 40. Ke3 Kd6
41. Rd2 a5 42. a3 Re8 43. Rd1 f6 44. Kf2 Re7 45. Rd2 Be8 46. Ke3 g5 47. g4 gxf4+
48. Kxf4 h5 49. gxh5 Bxh5 50. Rh2 e5+ 51. dxe5+ Rxe5 52. Rd2+ Kc5 53. Bg8 a4 54.
Rd4 b5 55. Rd2 Bg6 56. Ba2 Bf5 57. Bf7 Bc8 58. Ba2 Bh3 59. Bf7 Bf1 60. Bg8 Bc4
61. Bh7 Bd5 62. Bd3 Rh5 63. Bf1 Be6 64. Ke3 Bc4 65. Bg2 Bd5 66. Bf1 Rh4 67. Bd3
Be6 68. Rg2 f5 69. Rg5 Rh2 70. Be2 Kd6 71. f4 Rh1 72. Bd3 Rh3+ 73. Kd2 Rh2+ 74.
Kc1 Rh1+ 75. Kd2 Kc5 76. Kc2 Rh2+ 77. Kc1 Rf2 78. Bxf5 Bxf5 79. Rxf5+ Kc4 80.
Rf6 c5 81. Rf5 Rf3 82. Kc2 Rf2+ 83. Kc1 Rf1+ 84. Kc2 Rf3 85. Kd2 Rf2+ 1/2-1/2

[Event "FIDE Women's World Teams"]
[Site "Astana KAZ"]
[Date "2013.03.10"]
[Round "7.4"]
[White "Abdumalik,Z"]
[Black "Guo Qi"]
[Result "0-1"]
[WhiteElo "2187"]
[BlackElo "2435"]
[EventDate "2013.03.03"]

1. e4 c6 2. d4 d5 3. Nc3 dxe4 4. Nxe4 Nf6 5. Nxf6+ exf6 6. c3 Bf5 7. Ne2 Bd6 8.
Ng3 Bxg3 9. hxg3 O-O 10. Bd3 Re8+ 11. Be3 Qd7 12. Qc2 Bg6 13. O-O-O Qe6 14. Rxh7
Kxh7 15. Rh1+ Kg8 16. Bxg6 fxg6 17. Qxg6 Qe4 18. Qh5 Nd7 19. Rh4 Qd3 20. g4 Nf8
21. g5 Rxe3 22. fxe3 Qxe3+ 23. Kd1 Qg1+ 24. Kd2 Qxg2+ 25. Kd3 Qxg5 26. Qh8+ Kf7
27. Re4 Qg6 0-1

[Event "FIDE Women's World Teams"]
[Site "Astana KAZ"]
[Date "2013.03.10"]
[Round "7.2"]
[White "Bulmaga,I"]
[Black "Maisuradze,N"]
[Result "1/2-1/2"]
[WhiteElo "2354"]
[BlackElo "2330"]
[EventDate "2013.03.03"]

1. e4 c5 2. Nf3 Nc6 3. d4 cxd4 4. Nxd4 e5 5. Nb5 d6 6. c4 Be7 7. N1c3 a6 8. Na3
f5 9. exf5 Bxf5 10. Nc2 Nf6 11. Ne3 Be6 12. g3 Nd4 13. Bg2 b5 14. cxb5 axb5 15.
Ned5 O-O 16. O-O Rb8 17. Nxf6+ Bxf6 18. Nd5 b4 19. Be3 Nf5 20. Rc1 Qa5 21. a3
bxa3 22. b4 Nxe3 23. fxe3 Qd8 24. Ra1 Kh8 25. Rxa3 Bxd5 26. Bxd5 Rxb4 27. e4
Qb6+ 28. Kh1 Rb8 29. Ra8 Rxa8 30. Bxa8 Qa6 31. Bd5 Rb2 32. Re1 Qa5 33. Rf1 Qa6
34. g4 Rb8 35. Qf3 h6 36. Qf2 Bg5 37. Qf8+ Rxf8 38. Rxf8+ Kh7 39. Bg8+ Kg6 40.
Bf7+ Kh7 41. Bg8+ Kg6 42. Bf7+ 1/2-1/2

[Event "FIDE Women's World Teams"]
[Site "Astana KAZ"]
[Date "2013.03.10"]
[Round "7.3"]
[White "Collas,S"]
[Black "Cosma,E"]
[Result "1/2-1/2"]
[WhiteElo "2282"]
[BlackElo "2336"]
[EventDate "2013.03.03"]

1. d4 d5 2. Nf3 Nf6 3. c4 e6 4. e3 Be7 5. b3 O-O 6. Bd3 c5 7. O-O Nbd7 8. Nc3 b6
9. Bb2 Bb7 10. Rc1 cxd4 11. exd4 Ne4 12. Ne2 Bd6 13. Qc2 Rc8 14. a3 Ndf6 15. Ne5
Nd7 16. b4 Bxe5 17. dxe5 Ng5 18. Qb3 h6 19. Ng3 Qe7 20. f4 dxc4 21. Bxc4 Ne4 22.
Nxe4 Bxe4 23. Qe3 Bb7 24. f5 exf5 25. Rxf5 b5 26. Bxb5 Rxc1+ 27. Qxc1 Rc8 28.
Qd1 Nf8 29. Rf2 Rd8 30. Qg4 Ne6 31. Bc4 Bd5 32. Bxd5 Rxd5 33. h3 Qd7 34. Qf5
Rd1+ 35. Kh2 Rd2 36. Bc1 Rxf2 37. Qxf2 Qc6 38. Bd2 a6 39. Qe3 Qd5 40. Be1 g5 41.
Bg3 Qc6 42. Qd3 Kg7 43. Qf1 Kg8 44. Qd1 Qc3 45. Qa4 h5 46. Qxa6 h4 47. Bf2 Qxe5+
48. Kg1 Qa1+ 49. Qf1 Qxa3 50. Qe1 Qb3 51. Be3 Qd5 52. Qc1 Qe5 53. Qd2 Qa1+ 54.
Kh2 Qe5+ 55. Kg1 Qa1+ 56. Kh2 Qe5+ 1/2-1/2

[Event "FIDE Women's World Teams"]
[Site "Astana KAZ"]
[Date "2013.03.10"]
[Round "7.2"]
[White "Ushenina,A"]
[Black "Khotenashvili,B"]
[Result "1-0"]
[WhiteElo "2477"]
[BlackElo "2499"]
[EventDate "2013.03.03"]

1. d4 d5 2. c4 e6 3. Nc3 Bb4 4. a3 Bxc3+ 5. bxc3 c5 6. e3 Ne7 7. Nf3 Qc7 8. cxd5
exd5 9. c4 cxd4 10. Qxd4 Nbc6 11. Qxg7 Rg8 12. Qb2 dxc4 13. Bxc4 Rxg2 14. Qh8+
Rg8 15. Qxh7 Be6 16. Bxe6 fxe6 17. Qh5+ Kd7 18. Bb2 Raf8 19. Rd1+ Kc8 20. Rg1
Rxg1+ 21. Nxg1 Nd5 22. Rd2 Nb6 23. Ne2 Nc4 24. Qc5 Ne7 25. Qxc7+ Kxc7 26. Rc2 b5
27. Nd4 Kb6 28. Nxe6 Rg8 29. a4 Nd5 30. Bd4+ Ka5 31. axb5 Kxb5 32. Bxa7 Kb4 33.
Bc5+ Kb5 34. Bf8 Ndb6 35. Nd4+ Ka6 36. Bc5 1-0

[Event "FIDE Women's World Teams"]
[Site "Astana KAZ"]
[Date "2013.03.10"]
[Round "7.3"]
[White "Khurtsidze,N"]
[Black "Muzychuk,M"]
[Result "0-1"]
[WhiteElo "2437"]
[BlackElo "2479"]
[EventDate "2013.03.03"]

1. d4 Nf6 2. c4 g6 3. Nc3 d5 4. Nf3 Bg7 5. e3 O-O 6. b4 b6 7. Ba3 c5 8. Rc1 cxb4
9. Bxb4 Nc6 10. Ba3 Bb7 11. cxd5 Nxd5 12. Be2 Rc8 13. Qd2 Na5 14. O-O Qd7 15.
Bb5 Qe6 16. Ng5 Qg4 17. Nxd5 Rxc1 18. Qxc1 Bxd5 19. e4 Bf6 20. exd5 Bxg5 21. Qc7
Qxd4 22. Qxa7 Qxd5 23. Qxb6 Ra8 24. g3 Qxa2 25. Bb4 Nc4 26. Qc5 Nd2 27. Rd1 Ne4
28. Qd4 Nxf2 29. Qxf2 Qb3 30. Qe1 Rb8 31. Rd3 Qe6 32. Bd7 Qb6+ 33. Kg2 Qxb4 34.
Qd1 Qe4+ 35. Qf3 Rb2+ 36. Kh3 Qxf3 37. Rxf3 Kg7 38. Kg4 Bf6 39. h4 h5+ 40. Kf4
Re2 41. Rd3 Re1 42. Kf3 Be5 43. Bc6 f5 44. Be8 Bd6 45. Kf2 Rb1 46. Kf3 Rb8 47.
Bd7 Rb6 48. Rc3 Rb2 49. Be8 Be5 50. Rd3 Bc7 51. Ra3 Bb6 52. Kf4 Kf6 0-1

[Event "FIDE Women's World Teams"]
[Site "Astana KAZ"]
[Date "2013.03.10"]
[Round "7.4"]
[White "Zhukova,N"]
[Black "Melia,S"]
[Result "1/2-1/2"]
[WhiteElo "2471"]
[BlackElo "2419"]
[EventDate "2013.03.03"]

1. d4 Nf6 2. c4 e6 3. Nc3 Bb4 4. e3 O-O 5. Bd3 d5 6. Nf3 c5 7. O-O dxc4 8. Bxc4
cxd4 9. exd4 a6 10. a4 Nc6 11. Be3 Qa5 12. Qb3 Rd8 13. Rfd1 Nd5 14. Ne4 Nce7 15.
Ne5 Bd7 16. Nc5 Bxc5 17. dxc5 Nxe3 18. Qxe3 Be8 19. Nd3 Qc7 20. Rdc1 Nf5 21. Qe5
Qxe5 22. Nxe5 Rac8 23. b4 Nd4 24. a5 Nc6 25. Nxc6 Bxc6 26. Rd1 Kf8 27. f3 Ke7
28. Kf2 Rxd1 29. Rxd1 g5 30. Ke3 h6 31. Rd2 1/2-1/2

[Event "FIDE Women's World Teams"]
[Site "Astana KAZ"]
[Date "2013.03.10"]
[Round "7.3"]
[White "Foisor,S"]
[Black "Pogonina,N"]
[Result "0-1"]
[WhiteElo "2323"]
[BlackElo "2475"]
[EventDate "2013.03.03"]

1. d4 Nf6 2. c4 e6 3. Nc3 Bb4 4. e3 O-O 5. Ne2 d5 6. a3 Be7 7. cxd5 exd5 8. Ng3
c5 9. dxc5 Bxc5 10. Bd3 Be6 11. O-O Nc6 12. b4 Be7 13. Nce2 Ne5 14. Bb2 Nc4 15.
Bd4 a5 16. Nf4 b5 17. Ngh5 g6 18. Nxe6 fxe6 19. Nf4 Qd7 20. Bc3 Rac8 21. Qe2 a4
22. Rfd1 Bd6 23. g3 Qe7 24. h4 Rc6 25. Ra2 Bb8 26. Ba1 Nd7 27. Bxg6 Bxf4 28.
exf4 hxg6 29. Rxd5 Rf5 30. Rxf5 gxf5 31. Qh5 e5 32. Qxf5 Qh7 33. Qg5+ Rg6 34.
Qd8+ Nf8 35. Bxe5 Nxe5 36. fxe5 Rxg3+ 37. fxg3 Qb1+ 38. Kg2 Qxa2+ 39. Kh3 Qe6+
40. g4 Qb3+ 41. Kg2 Qb2+ 42. Kf3 Qxa3+ 43. Kf4 Qxb4+ 44. Kg5 Qe4 45. Qb8 a3 46.
Qxb5 a2 47. Qa5 Qb1 48. Qd5+ Kg7 49. h5 a1=Q 50. h6+ Kh8 0-1

[Event "FIDE Women's World Teams"]
[Site "Astana KAZ"]
[Date "2013.03.10"]
[Round "7.4"]
[White "Girya,O"]
[Black "Ni,V"]
[Result "0-1"]
[WhiteElo "2440"]
[BlackElo "2263"]
[EventDate "2013.03.03"]

1. d4 Nf6 2. c4 e6 3. Nc3 Bb4 4. e3 O-O 5. Ne2 Re8 6. a3 Bf8 7. d5 d6 8. dxe6
Bxe6 9. Nf4 Bg4 10. Qc2 Nc6 11. h3 Bd7 12. Be2 Ne5 13. O-O Qc8 14. b3 Ng6 15.
Nxg6 hxg6 16. e4 c6 17. Rd1 b5 18. Bf4 Re6 19. Rd2 a5 20. cxb5 cxb5 21. Bxb5
Bxb5 22. Nxb5 Nxe4 23. Re2 Qb7 24. Nc3 d5 25. Nxe4 dxe4 26. Rae1 Rc8 27. Qb2 Rb6
28. Re3 Qd5 29. Be5 f5 30. Bd4 Rb5 31. a4 Rb4 32. Be5 Re8 33. Bf4 Be7 34. Rg3
Bf6 35. Qd2 Rd4 36. Qc2 Kh7 37. h4 e3 38. Rgxe3 Rxe3 39. Bxe3 Rxh4 40. Rd1 Qb7
41. f4 Rg4 42. Rd2 Qf3 43. Qc5 Qg3 44. Rf2 Rh4 45. Qc1 Rh3 46. Rf3 Qh2+ 47. Kf1
Qh1+ 48. Bg1 Rxf3+ 49. gxf3 Bd4 0-1

[Event "FIDE Women's World Teams"]
[Site "Astana KAZ"]
[Date "2013.03.11"]
[Round "8.2"]
[White "Pogonina,N"]
[Black "Padmini,R"]
[Result "1/2-1/2"]
[WhiteElo "2475"]
[BlackElo "2316"]
[EventDate "2013.03.03"]

1. e4 c5 2. Nf3 d6 3. d4 cxd4 4. Nxd4 Nf6 5. Nc3 a6 6. Be2 e5 7. Nb3 Be7 8. O-O
O-O 9. Re1 Be6 10. Bf3 a5 11. a4 Na6 12. Nd2 Nb4 13. Nf1 Qb6 14. Ne3 Rfd8 15.
Ncd5 Nfxd5 16. exd5 Bd7 17. b3 Qc7 18. Bb2 f5 19. Be2 f4 20. Nc4 Bf5 21. Rc1 Na2
22. Ra1 Nb4 23. Rc1 Na2 24. Ra1 Nb4 25. Rc1 1/2-1/2

[Event "FIDE Women's World Teams"]
[Site "Astana KAZ"]
[Date "2013.03.11"]
[Round "8.4"]
[White "Girya,O"]
[Black "Soumya,Sw"]
[Result "1-0"]
[WhiteElo "2440"]
[BlackElo "2283"]
[EventDate "2013.03.03"]

1. d4 Nf6 2. c4 g6 3. Nc3 d5 4. Nf3 Bg7 5. e3 O-O 6. cxd5 Nxd5 7. Bc4 Nb6 8. Bb3
Nc6 9. O-O Bf5 10. h3 e5 11. d5 Na5 12. e4 Nxb3 13. Qxb3 Bd7 14. a4 a5 15. Bg5
Qb8 16. d6 Be6 17. Nd5 Nxd5 18. exd5 Bd7 19. dxc7 Qxc7 20. Rac1 Qd6 21. Nd2 Qb4
22. Qxb4 axb4 23. Rc7 Bxa4 24. Be7 Rfc8 25. Rxb7 Bf8 26. Bxf8 Kxf8 27. f4 exf4
28. Rxf4 Be8 29. d6 Rcb8 30. Rfxb4 Rxb7 31. Rxb7 Rd8 32. Nc4 Bc6 33. Rb6 Bd5 34.
Ne5 Kg7 35. Kf2 Kf6 36. Nd3 Ke6 37. Nc5+ Ke5 38. d7 Be6 39. Ke3 Bxd7 40. Rb8 Bc8
41. Na4 f5 42. g3 Rg8 43. Nb6 Be6 44. Nd7+ Kd6 45. Rxg8 Bxg8 46. Nf6 Bc4 47.
Nxh7 Ke5 48. Ng5 Bb3 49. Nf3+ Kf6 50. Kf4 Bd5 51. h4 Be4 52. Nd4 Bd3 53. b4 Ke7
54. Ke5 Kd7 55. Ne6 Kc6 56. Nf4 1-0

[Event "FIDE Women's World Teams"]
[Site "Astana KAZ"]
[Date "2013.03.11"]
[Round "8.3"]
[White "Muzychuk,M"]
[Black "Foisor,S"]
[Result "1/2-1/2"]
[WhiteElo "2479"]
[BlackElo "2323"]
[EventDate "2013.03.03"]

1. d4 e6 2. e4 d5 3. Nc3 Bb4 4. e5 c5 5. a3 Bxc3+ 6. bxc3 Qa5 7. Bd2 Qa4 8. Qg4
g6 9. Nf3 Nc6 10. Be2 Bd7 11. O-O O-O-O 12. Qf4 Rf8 13. dxc5 Qxc2 14. Nd4 Nxd4
15. cxd4 Ne7 16. Rfc1 Qe4 17. Be3 Bc6 18. f3 Qxf4 19. Bxf4 h6 20. Bd2 f5 21.
exf6 Rxf6 22. Bd3 g5 23. Be1 Ng6 24. Bf2 Nf4 25. Bf1 Rhf8 26. Re1 Kd7 27. g3 Nh5
28. Bg2 Re8 29. Re5 Rf5 30. Re3 Rf6 31. Rae1 Bb5 32. Bh3 Ng7 33. g4 Ref8 34. Bg2
h5 35. Bg3 h4 36. Be5 Rg6 37. Bxg7 Rxg7 38. Rxe6 Rf4 39. Rd6+ Kc7 40. Rxd5 Bc6
41. Rf5 Rxd4 42. Bf1 Rd2 43. Re3 Bd5 44. Rd3 Rxd3 45. Bxd3 Kc6 46. Kf2 Rf7 47.
Rxf7 Bxf7 48. f4 gxf4 49. Kf3 Kxc5 50. Kxf4 b5 51. g5 a5 52. Bh7 b4 53. axb4+
axb4 54. g6 Bc4 55. g7 Kd6 56. Kg5 Ke7 57. Kh6 b3 58. g8=Q Bxg8 59. Bxg8 b2 60.
Ba2 Kf6 61. h3 Kf5 62. Kh5 Kf6 63. Kxh4 Kg7 1/2-1/2

[Event "FIDE Women's World Teams"]
[Site "Astana KAZ"]
[Date "2013.03.11"]
[Round "8.4"]
[White "Ni,V"]
[Black "Zhukova,N"]
[Result "0-1"]
[WhiteElo "2263"]
[BlackElo "2471"]
[EventDate "2013.03.03"]

1. d4 Nf6 2. c4 e6 3. Nc3 c5 4. d5 exd5 5. cxd5 d6 6. e4 g6 7. f4 Bg7 8. Bb5+
Nfd7 9. Bd3 a6 10. a4 Qc7 11. Nf3 c4 12. Bc2 O-O 13. O-O Nc5 14. Kh1 Bg4 15. h3
Bxf3 16. Rxf3 Nbd7 17. Be3 b5 18. Bd4 Bxd4 19. Qxd4 Rab8 20. Ne2 bxa4 21. Ng3 f6
22. Qxc4 Rxb2 23. Bxa4 Nb6 24. Qc1 Nbxa4 25. Rxa4 Qb6 26. Ra1 Rb8 27. f5 g5 28.
Qc3 Kf7 29. e5 dxe5 30. d6 Qxd6 31. Qc4+ Kf8 32. Rc3 Rb1+ 33. Rxb1 Rxb1+ 34. Kh2
Rb5 35. Ne4 Nxe4 36. Qxe4 Rb4 37. Rc8+ Kg7 38. Qc2 e4+ 39. g3 e3 40. Qc7+ Qxc7
41. Rxc7+ Kf8 42. Kg2 Rb2+ 43. Kf3 e2 44. Kf2 a5 45. Rxh7 a4 46. Ra7 Ra2 47. h4
gxh4 48. gxh4 a3 49. h5 Kg8 50. h6 Ra1 51. Kxe2 a2 0-1

[Event "FIDE Women's World Teams"]
[Site "Astana KAZ"]
[Date "2013.03.11"]
[Round "8.3"]
[White "L'Ami,Alina"]
[Black "Khurtsidze,N"]
[Result "0-1"]
[WhiteElo "2353"]
[BlackElo "2437"]
[EventDate "2013.03.03"]

1. d4 Nf6 2. c4 e6 3. Nc3 Bb4 4. Qc2 O-O 5. a3 Bxc3+ 6. Qxc3 b6 7. Bg5 Bb7 8. f3
d6 9. e4 c5 10. dxc5 bxc5 11. Rd1 Nc6 12. Bxf6 Qxf6 13. Qxf6 gxf6 14. Rxd6 Rfd8
15. Rxd8+ Rxd8 16. Ne2 Na5 17. Nc3 Nb3 18. Be2 Rd2 19. Na4 Bc6 20. Nxc5 Rxb2 21.
Nxb3 Rxb3 22. Kd2 Rxa3 23. Rb1 Kf8 24. h4 Ke7 25. h5 h6 26. g4 Kd6 27. Rb8 a5
28. Bd3 a4 29. f4 Ra2+ 30. Ke3 a3 31. Rb1 Kc5 32. Be2 Bxe4 33. Rb5+ Kc6 34. Ra5
Kb6 35. Rb5+ Ka6 36. Rb3 Ka5 37. Bd1 Bc6 38. Be2 Ba4 39. Rb1 Rc2 40. Bd3 Rg2 41.
Be2 e5 42. fxe5 fxe5 43. c5 Rg3+ 44. Kd2 a2 45. Rc1 f6 46. Bc4 Rxg4 47. Be6 Rg2+
48. Kd3 Bc2+ 49. Ke3 Bb1 50. Bxa2 Bxa2 51. Rf1 Rh2 52. Rxf6 Rxh5 53. Rb6 Bd5 54.
Rd6 Rh3+ 55. Kd2 Bc4 56. Rb6 e4 57. Rb8 e3+ 58. Kc3 e2+ 59. Kxc4 Rh4+ 0-1

[Event "FIDE Women's World Teams"]
[Site "Astana KAZ"]
[Date "2013.03.11"]
[Round "8.4"]
[White "Melia,S"]
[Black "Voicu,C"]
[Result "1-0"]
[WhiteElo "2419"]
[BlackElo "2281"]
[EventDate "2013.03.03"]

1. e4 c5 2. Nf3 e6 3. d4 cxd4 4. Nxd4 a6 5. Bd3 Bc5 6. Nb3 Be7 7. Qg4 g6 8. Qe2
d6 9. O-O Nd7 10. Nc3 b5 11. a4 b4 12. Na2 a5 13. c3 bxc3 14. Nxc3 h5 15. Nb5
Ngf6 16. Bg5 Kf8 17. Rac1 h4 18. h3 Rh5 19. Bf4 Ne5 20. Bb1 Ba6 21. N3d4 Nfd7
22. Rfd1 Rc8 23. Rxc8 Qxc8 24. Qe1 Nc4 25. Bc1 d5 26. exd5 exd5 27. b3 Bb4 28.
Qe2 Nd6 29. Qf3 Ne5 30. Qf6 Ne8 31. Qf4 Be7 32. Bb2 Bf6 33. Nd6 g5 34. Qxf6 Nxf6
35. Nxc8 Bxc8 36. f3 Nfd7 37. Nf5 f6 38. Ba3+ Kf7 39. Nd6+ Ke6 40. Bf5+ Ke7 41.
Nxc8+ 1-0